000 00682nam a22002297a 4500
942 _cBK
999 _c577
_d577
005 20250420134816.0
008 200809b ||||| |||| 00| 0 eng d
020 _a9781138019195
040 _cKCST
082 _a658.421
_bDr In
100 _aDrucker; Peter F
_94968
245 _aInnovation and entrepreneurship :
_bpractice and principles /
_cPeter F Drucker; Joseph A Maciariello
260 _aLondon :
_bRoutledge,
_c2015.
300 _ap.
440 _aRoutledge classics.
_94969
650 _aManagement.
_9378
650 _aEntrepreneurship.
_9574
650 _aBusiness and Management.
_94970
700 _aMaciariello, Joseph A
_94971
942 _2ddc